World war & United Nations / (Record no. 42015)

MARC details
000 -LEADER
fixed length control field 00690nam a22001937a 4500
005 - DATE AND TIME OF LATEST TRANSACTION
control field 20100814161341.0
010 ## - LCCN (DPL NO)
LC control number ENG-100480
020 ## - INTERNATIONAL STANDARD BOOK NUMBER
International Standard Book Number 9788188631639
Terms of availability 500.00
035 ## - SYSTEM CONTROL NUMBER
System control number EN-84013
037 ## - SOURCE OF ACQUISITION
Source of stock number/acquisition DBAD/PUB
082 ## - DEWEY DECIMAL CLASSIFICATION NUMBER
Classification number 940.73
100 ## - MAIN ENTRY--PERSONAL NAME
Personal name Prem Lal Singh, Er.
245 ## - TITLE STATEMENT
Title World war & United Nations /
Statement of responsibility, etc by Er.Prem Lal Singh
260 ## - PUBLICATION, DISTRIBUTION, ETC. (IMPRINT)
Place of publication, distribution, etc Delhi
Name of publisher, distributor, etc Kunal Prakashan
Date of publication, distribution, etc 2010
270 ## - ADDRESS
Address L-45/46, Gali No.5 Shivaji Marg, Kartar Nagar
City Delhi
Postal code 110053
300 ## - PHYSICAL DESCRIPTION
Extent 176p.
Dimensions 22cm (Hb)
942 ## - ADDED ENTRY ELEMENTS (KOHA)
Source of classification or shelving scheme Dewey Decimal Classification
Item type English Books
Classification part 940.73
Call number suffix PRE
Holdings
Withdrawn status Lost status Not for loan Collection code Home library Current library Date acquired Source of acquisition Cost, normal purchase price Full call number Barcode Copy number Cost, replacement price Koha item type
    Not For Loan Non-fiction D.B.Act.Division D.B.Act.Division 14/08/2010 DBAD/PUB 500.00 940.73 PRE EN-84013 1 500.00 English Books

© Delhi Public Library
Hit Counter
free hit counter